Animated Movies by Picture - W - Statistics

General Stats
  • This quiz has been taken 318 times
  • The average score is 5 of 12
Answer Stats
Picture Answer % Correct
WALL-E
98%
Winnie the Pooh
94%
Wreck-It Ralph
92%
Wallace & Gromit: The Curse of the Were-Rabbit
73%
Wish
62%
The Wild Robot
55%
The Wind Rises
19%
The Willoughbys
14%
Whisper of the Heart
14%
Wolf Children
12%
A Whisker Away
8%
Weathering with You
7%
No matching quizzes found
Score Distribution
Percent of People with Each Score
Percentile by Number Answered
Your Score History
You have not taken this quiz